|
|
|
|
| LEADER |
00848nab a2200229 i 4500 |
| 001 |
publ32635 |
| 005 |
20250409083924.0 |
| 008 |
250409s1990 hu o 000 eng d |
| 022 |
|
|
|a 0391-4097
|
| 024 |
7 |
|
|a 10.1007/BF03349616
|2 doi
|
| 024 |
7 |
|
|a 1849244
|2 mtmt
|
| 040 |
|
|
|a SZTE Publicatio Repozitórium
|b hun
|
| 041 |
|
|
|a eng
|
| 100 |
1 |
|
|a Koloszár Sándor
|
| 245 |
1 |
0 |
|a Pulsatile gonadotropin releasing hormone substitution following extirpation of suprasellar craniopharyngioma
|h [elektronikus dokumentum] :
|b [case report] /
|c Koloszár Sándor
|
| 260 |
|
|
|c 1990
|
| 300 |
|
|
|a 753-756
|
| 490 |
0 |
|
|a JOURNAL OF ENDOCRINOLOGICAL INVESTIGATION
|v 13 No. 9
|
| 650 |
|
4 |
|a Biológiai tudományok
|
| 650 |
|
4 |
|a Klinikai orvostan
|
| 700 |
0 |
1 |
|a Bártfai György
|e aut
|
| 856 |
4 |
0 |
|u http://publicatio.bibl.u-szeged.hu/32635/1/aok_klny_337_90.pdf
|z Dokumentum-elérés
|